Author's of the Iowa Writer's Workshop Quiz Stats

 Plays Quiz not verified by Sporcle

Challenge
Share
Tweet
Embed
Score 0/20 Timer 05:00
0 Plays Today
% Correct
John Irving
82.3%
Kurt Vonnegut, Jr.
81.4%
Phillip Roth
62.6%
Bharati Mukherjee
57.7%
Ann Patchett
57.7%
Richard Yates
51.6%
Jane Smiley
50.5%
W. P. Kinsella
48.6%
Marilynne Robinson
47.7%
Michael Cunningham
47.4%
% Correct
T. Coraghessan Boyle (T. C. Boyle)
36%
Anthony Swofford
34.7%
Allan Gurganus
33.5%
Kent Haruf
26%
Joy Williams
24.9%
Walter Trevis
20.2%
Joe Haldeman
19.3%
Ron Hansen
19.1%
Scott Spencer
17.4%
James Alan McPherson
17%

You're not logged in!

Compare scores with friends on all Sporcle quizzes.
OR
Log In

You Might Also Like...

Show Comments

Extras

Top Quizzes Today


Score Distribution

Your Account Isn't Verified!

In order to create a playlist on Sporcle, you need to verify the email address you used during registration. Go to your Sporcle Settings to finish the process.

Report this User

Report this user for behavior that violates our Community Guidelines.

Details: